000 00384nam a2200169Ia 4500
008 230711s9999||||xx |||||||||||||| ||und||
041 _aENG
082 _a624
_bAN-R
100 _aAnderson,J.M
245 0 _aRainscreen cladding
250 _a1st Ed.
260 _c1988
_aNew York
_bThomas Telford
300 _a98
650 _aCivil Engineering
700 _aGill,J.R.
942 _cBK
999 _c758
_d758